Englische Profivereine - Statistiken

Allgemein
  • Dieses Quiz wurde 45 mal gespielt
  • Das Durchschnittsergebnis liegt bei 42 aus 92
Antwortstatistiken
Liga Verein % Korrekt
Premier League FC Arsenal
97%
Premier League FC Chelsea
97%
Premier League Manchester United
97%
Premier League FC Liverpool
95%
Premier League Manchester City
95%
Premier League Tottenham Hotspur
89%
Premier League Leeds United
87%
Premier League Nottingham Forest
87%
Premier League Aston Villa
84%
Championship Birmingham City
84%
Premier League Brighton & Hove Albion
84%
Championship Leicester City
84%
Premier League FC Everton
82%
Premier League Newcastle United
82%
Premier League Wolverhampton Wanderers
82%
Championship FC Southampton
79%
Premier League West Ham United
79%
Premier League FC Fulham
74%
Premier League Crystal Palace
71%
Championship Swansea City
71%
Premier League AFC Bournemouth
68%
League One Luton Town
68%
Championship Oxford United
68%
Championship Sheffield United
68%
Premier League AFC Sunderland
66%
League One Cardiff City
66%
Championship FC Middlesbrough
66%
Championship FC Portsmouth
66%
Championship Ipswich Town
66%
Championship Norwich City
66%
Championship Bristol City
63%
Premier League FC Burnley
63%
Championship Derby County
61%
Championship Coventry City
58%
Premier League FC Brentford
58%
Championship FC Watford
58%
League One Huddersfield Town
58%
League One Plymouth Argyle
58%
Championship Sheffield Wednesday
58%
League One AFC Wimbledon
55%
Championship FC Millwall
55%
League One Bolton Wanderers
53%
Championship Preston North End
53%
Championship Queens Park Rangers
53%
Championship Stoke City
50%
Championship AFC Wrexham
47%
Championship Blackburn Rovers
47%
Championship Hull City
47%
Championship West Bromwich Albion
45%
League One Wigan Athletic
45%
League One FC Reading
42%
Championship Charlton Athletic
39%
League One Exeter City
39%
League One Northampton Town
39%
League Two Cambridge United
37%
League Two Milton Keynes Dons
37%
League One FC Barnsley
34%
League One FC Blackpool
34%
League One Wycombe Wanderers
29%
League One Bradford City
26%
League One Lincoln City
26%
League One Peterborough United
24%
League One Rotherham United
24%
League Two AFC Newport County
21%
League One Burton Albion
21%
League One Doncaster Rovers
21%
League Two FC Chesterfield
21%
League One Leyton Orient
21%
League Two Swindon Town
21%
League Two Notts County
18%
League Two Oldham Athletic
18%
League Two Accrington Stanley
16%
League Two Colchester United
16%
League One FC Port Vale
16%
League Two Grimsby Town
16%
League One Mansfield Town
16%
League Two Salford City
16%
League One Stockport County
16%
League Two Bristol Rovers
13%
League Two Crewe Alexandra
13%
League Two Shrewsbury Town
13%
League Two FC Bromley
8%
League Two AFC Barrow
5%
League Two Crawley Town
5%
League Two FC Gillingham
5%
League One FC Stevenage
5%
League Two FC Walsall
5%
League Two Tranmere Rovers
5%
League Two Cheltenham Town
3%
League Two FC Barnet
3%
League Two Fleetwood Town
3%
League Two Harrogate Town
3%
Keine übereinstimmenden Quizze gefunden
Verteilung der Resultate
Anzahl Personen mit jedem Resultat
Perzentil nach korrekt beantworteten Fragen
Ihre Resultats-Entwicklung
Sie haben dieses Quiz noch nicht gespielt